[Event "12° WEEK END "]
[Site "SAN SEVERINO MARCHE ITA"]
[Date "2010.09.05"]
[Round "4"]
[White "GRAZIANI, Claudio"]
[Black "MAZZARINI, Daniele"]
[Result "1-0"]
[WhiteElo "2000"]
[BlackElo "1811"]
[PlyCount "119"]
[EventDate "2010.09.03"]

1. d4 d5 2. Bf4 Nf6 3. Nf3 c5 4. e3 Nc6 5. c3 e6 6. Nbd2 Bd6 7. Bg3 Qe7 8. Ne5
O-O 9. Bd3 Nd7 10. Nxd7 Bxd7 11. Nf3 e5 12. Nxe5 Nxe5 13. dxe5 Bxe5 14. Bxh7+
Kxh7 15. Qh5+ Kg8 16. Qxe5 Qxe5 17. Bxe5 Rfe8 18. Bd6 Rac8 19. Rd1 d4 20. cxd4
cxd4 21. Rxd4 Rc1+ 22. Rd1 Rc2 23. O-O Bb5 24. Rfe1 Rxb2 25. Rb1 Rxb1 26. Rxb1
Bc6 27. Bc5 Re5 28. Bd6 Rd5 29. Bf4 Rd2 30. Ra1 Bd5 31. a4 Ra2 32. Rxa2 Bxa2
33. Bc7 Kf8 34. a5 Ke7 35. Be5 g6 36. Bd4 a6 37. f3 Be6 38. Kf2 Bd7 39. Kg3 Bb5
40. Kf4 f6 41. h4 Ke6 42. g4 Be8 43. e4 Bf7 44. Bb6 Be8 45. Bc7 Kd7 46. Bb6 Ke6
47. Bd4 Bf7 48. Bb2 Be8 49. Bc3 Bf7 50. Bd2 Be8 51. Ke3 Bf7 52. Kd4 Be8 53. f4
Bf7 54. f5+ Kd6 55. Bb4+ Kd7 56. g5 fxg5 57. hxg5 gxf5 58. exf5 Ke8 59. Ke5 Bg8
60. Kf6 1-0

[Event "12° WEEK END "]
[Site "SAN SEVERINO MARCHE ITA"]
[Date "2010.09.05"]
[Round "4"]
[White "SPADA, Angelo"]
[Black "FAINI, Marco"]
[Result "1/2-1/2"]
[WhiteElo "2046"]
[BlackElo "1959"]
[PlyCount "133"]
[EventDate "2010.09.03"]

1. Nf3 Nf6 2. g3 d6 3. d3 g6 4. Bg2 Bg7 5. O-O c5 6. Nbd2 O-O 7. e4 Nc6 8. Re1
Qc7 9. c3 Rb8 10. Nf1 b5 11. Bg5 h6 12. Be3 b4 13. Qd2 Kh7 14. Nh4 bxc3 15.
bxc3 Ba6 16. f4 Rb5 17. c4 Rb4 18. a3 Rb3 19. Qc2 Rfb8 20. Reb1 Rxb1 21. Rxb1
Rb6 22. e5 Ng4 23. e6 f5 24. Rxb6 Qxb6 25. Qa4 Bb7 26. Nf3 Qa5 27. Qb3 Qb6 28.
Qb5 Qxb5 29. cxb5 Nd8 30. a4 Nxe6 31. Ng5+ hxg5 32. Bxb7 gxf4 33. Bd2 Bd4+ 34.
Kg2 Ne5 35. Bd5 Nc7 36. Bc4 d5 37. gxf4 dxc4 38. fxe5 cxd3 39. Be3 Bxe3 40.
Nxe3 d2 41. Kf2 Nd5 42. Nd1 c4 43. Ke2 c3 44. Kd3 f4 45. a5 Kg7 46. b6 axb6 47.
axb6 Nxb6 48. Nxc3 g5 49. Kxd2 Nc4+ 50. Kd3 Nxe5+ 51. Ke4 Ng4 52. h3 Nf2+ 53.
Kf5 Nxh3 54. Kg4 Ng1 55. Kxg5 f3 56. Nd1 Nh3+ 57. Kg4 f2 58. Ne3 Ng1 59. Kg3
Ne2+ 60. Kxf2 Nd4 61. Kg3 e5 62. Kg4 Kf7 63. Kg5 Ke6 64. Kg4 Kd6 65. Kg5 Ke6
66. Kg4 Kd6 67. Kg5 1/2-1/2

[Event "12° WEEK END "]
[Site "SAN SEVERINO MARCHE ITA"]
[Date "2010.09.05"]
[Round "4"]
[White "RENZETTI, Leonardo"]
[Black "CARDONA, Alberto"]
[Result "0-1"]
[WhiteElo "1443"]
[BlackElo "1805"]
[PlyCount "52"]
[EventDate "2010.09.03"]

1. d4 Nf6 2. Nf3 g6 3. Bf4 d6 4. e3 Bg7 5. c3 O-O 6. Bd3 Nh5 7. Bg3 Nd7 8. Nbd2
c5 9. d5 a6 10. c4 Bxb2 11. Rb1 Bg7 12. Be2 Ndf6 13. Qa4 Rb8 14. Nb3 Ne4 15.
Qa3 Nc3 16. Rc1 Nxe2 17. Kxe2 b5 18. Na5 Bd7 19. Nb3 bxc4 20. Nbd2 Nxg3+ 21.
hxg3 Rb2 22. Rb1 c3 23. Rxb2 cxb2 24. Rb1 Bb5+ 25. Ke1 Qc8 26. e4 c4 0-1

[Event "12° WEEK END "]
[Site "SAN SEVERINO MARCHE ITA"]
[Date "2010.09.05"]
[Round "4"]
[White "LUZI, Alessandro"]
[Black "BRIFFAULT, Philippe"]
[Result "1-0"]
[WhiteElo "1909"]
[BlackElo "1967"]
[PlyCount "41"]
[EventDate "2010.09.03"]

1. e4 Nf6 2. Nc3 d5 3. e5 Nfd7 4. d4 e6 5. f4 c5 6. Nf3 Nc6 7. Be3 Be7 8. Bd3
O-O 9. a3 f6 10. O-O cxd4 11. Nxd4 Bc5 12. Bb5 fxe5 13. Nxe6 Bxe3+ 14. Kh1 Qe7
15. Nxf8 Nxf8 16. fxe5 d4 17. Nd5 Qxe5 18. Qf3 Be6 19. Bxc6 bxc6 20. Ne7+ Kh8
21. Qxf8+ 1-0

[Event "12° WEEK END "]
[Site "SAN SEVERINO MARCHE ITA"]
[Date "2010.09.05"]
[Round "4"]
[White "FAINI, Ivano"]
[Black "OKINCZYC, Alessandro"]
[Result "1-0"]
[WhiteElo "1666"]
[BlackElo "1713"]
[PlyCount "77"]
[EventDate "2010.09.03"]

1. c4 Nf6 2. g3 g6 3. Bg2 Bg7 4. e4 d6 5. h3 O-O 6. Ne2 Nc6 7. O-O e5 8. Nbc3
Nd7 9. d3 Nc5 10. a3 a5 11. Bd2 Ne6 12. Rb1 Bd7 13. b4 axb4 14. axb4 Ncd4 15.
b5 c6 16. bxc6 bxc6 17. Rb2 Nc5 18. Be3 Ra3 19. Qb1 Qc8 20. Kh2 Nxe2 21. Nxe2
Nxd3 22. Rd2 Nc5 23. Rxd6 Nb7 24. Rd2 Be6 25. Rc2 Ra4 26. Qb3 Qa8 27. Rd1 Qa6
28. Rdc1 Nd6 29. Bc5 Nxc4 30. Bxf8 Bxf8 31. Qb8 Kg7 32. h4 Rb4 33. Qd8 Bd6 34.
Rd1 Rb8 35. Qg5 h6 36. Qc1 Ba3 37. Qa1 Nb2 38. Rb1 Qd3 39. Rcxb2 1-0

[Event "12° WEEK END "]
[Site "SAN SEVERINO MARCHE ITA"]
[Date "2010.09.05"]
[Round "4"]
[White "DEMEIO, Lorenzo"]
[Black "GUGLIELMI, Dante"]
[Result "0-1"]
[WhiteElo "1407"]
[BlackElo "1912"]
[PlyCount "58"]
[EventDate "2010.09.03"]

1. e4 c5 2. c3 d5 3. e5 Nc6 4. Bb5 Qb6 5. Bxc6+ Qxc6 6. Nf3 e6 7. d4 Ne7 8. O-O
Nf5 9. a3 b6 10. Qe2 a5 11. Rd1 g6 12. Bg5 Bg7 13. Nh4 Nxh4 14. Bxh4 Qc7 15.
Qd2 O-O 16. Bf6 Ba6 17. b4 Rac8 18. bxa5 bxa5 19. a4 cxd4 20. cxd4 Qc2 21. Qxc2
Rxc2 22. Bxg7 Kxg7 23. Nd2 Be2 24. Nb3 Bxd1 25. Rxd1 Ra2 26. Nc5 Rb8 27. g3
Rbb2 28. Nd3 Rd2 29. Rxd2 Rxd2 0-1